| 000 | 00000nam##2200000za#4500 |
| 001 | 9.679908 |
| 003 | CaOODSP |
| 005 | 20250611103640 |
| 007 | ta |
| 008 | 150407|1997||||xxc||||| f|0| 0 fre|d |
| 020 | |a0-662-81573-4 |
| 040 | |aCaOODSP|bfre |
| 043 | |an-cn--- |
| 086 | 1 |aA42-70/2-1997F |
| 110 | 1 |aCanada. |bAgriculture et agroalimentaire Canada. |
| 245 | 10|aProjets sur la biodiversité: Agriculture et Agroalimentaire Canada |
| 260 | |aOttawa - Ontario : |bAgriculture et Agroalimentaire Canada |c1997. |
| 300 | |avi, 37p. ; |c28 cm. |
| 500 | |a«Le présent document dresse l'inventaire des projets d'Agriculture et Agro-alimentaire Canada qui contribuent à la conservation de la biodiversité et à l'utilisation durable des ressources biologiques. Il ne présente donc que les projets d'ACC touchant les écosystèmes, la faune et la flore, ainsi que les ressources génétiques. Il ne traite pas de la vaste gamme d'activité actuellement menées aux niveaux provincial et municipal.»--Page 1. N.B.: Le numéro ISBN (0-662-25108-3) imprimé dans cette publication est incorrect. |
| 520 | 3 |aLe présent document dresse l'inventaire des projets d'Agriculture et Agro-alimentaire Canada qui contribuent à la conservation de la biodiversité et à l'utilisation durable des ressources biologiques. Il ne présente donc que les projets d'ACC touchant les écosystèmes, la faune et la flore, ainsi que les ressources génétiques. Il ne traite pas de la vaste gamme d'activité actuellement menées aux niveaux provincial et municipal.--Page 1 |
| 563 | |aCouverture souple |
| 590 | |a98-19|b1998-05-08 |
| 775 | 08|tBiodiversity initiatives: Agriculture and Agri-Food Canada |w(CaOODSP)9.646356 |
| 776 | 0#|tProjets sur la biodiversité : |w(CaOODSP)9.637714 |